| 000 -LEADER |
| fixed length control field |
00669cam a22001337a 4500 |
| 008 - FIXED-LENGTH DATA ELEMENTS--GENERAL INFORMATION |
| fixed length control field |
180718b2003 xxu||||| |||| 00| 0 eng d |
| 082 ## - DEWEY DECIMAL CLASSIFICATION NUMBER |
| Classification number |
B7303x5452 K131 |
| 100 ## - MAIN ENTRY--PERSONAL NAME |
| Personal name |
Kandaswamy, P. |
| 245 ## - TITLE STATEMENT |
| Title |
The new panchayat raj act - implementation and reflection in Tamil Nadu (1996-2001): a case study with special referenc to ramanthapuram, meduri & tiruvannamalai districts in Tamil Nadu |
| Statement of responsibility, etc. |
by P. Kandaswamy |
| 260 ## - PUBLICATION, DISTRIBUTION, ETC. |
| Place of publication, distribution, etc. |
New Delhi |
| Name of publisher, distributor, etc. |
Tamil Nadu Regional Chapter, Indian Institute of Public Administration |
| Date of publication, distribution, etc. |
2003 |
| 300 ## - PHYSICAL DESCRIPTION |
| Extent |
v.p. |
| 650 ## - SUBJECT ADDED ENTRY--TOPICAL TERM |
| Topical term or geographic name entry element |
Panchayat raj - Legislation - India - Tamil Nadu |
| 700 ## - ADDED ENTRY--PERSONAL NAME |
| Personal name |
Indian Institute of Public Administration. Tamil Nadu Regional Chapter |